Pourquoi 2 Maccabées? (Record no. 896822)
[ view plain ]
| 000 -CABECERA | |
|---|---|
| Campo de control de longitud fija | 00447nab a22001457 4500 |
| 003 - IDENTIFICADOR DEL NÚMERO DE CONTROL | |
| Campo de control | ES-SlBCS |
| 005 - FECHA Y HORA DE LA ÚLTIMA TRANSACCIÓN | |
| Campo de control | 20240704103456.0 |
| 008 - CÓDIGOS DE INFORMACIÓN DE LONGITUD FIJA | |
| Campo de control de longitud fija | 240704s2024 fr ||||| |||| 00| 0 fre d |
| 040 ## - FUENTE DE LA CATALOGACIÓN | |
| Centro catalogador del origen | ES-SlBCS |
| Lengua de catalogación | spa |
| 041 ## - CÓDIGO DE LENGUA | |
| Código de lengua del texto/banda sonora o título independiente | fre |
| 100 1# - PUNTO DE ACCESO PRINCIPAL-NOMBRE DE PERSONA | |
| 9 (RLIN) | 10473 |
| Nombre de persona | Nodet, Étienne |
| 245 10 - MENCIÓN DE TÍTULO | |
| Título | Pourquoi 2 Maccabées? |
| Resto del título | : (Deuxième partie) |
| Mención de responsabilidad, etc. | Étienne Nodet, O.P. |
| 773 0# - ENLACE AL DOCUMENTO FUENTE | |
| Parte(s) relacionada(s) | Vol. 131, fasc. 3, 2024, págs. 370-381 |
| Título | Revue Biblique |
| Número de control del registro relacionado | Rev352 |
| Número Internacional Normalizado para Publicaciones Seriadas (ISSN) | 0035-0907 |
| 942 ## - ENTRADA DE ELEMENTOS AGREGADOS (KOHA) | |
| Fuente de clasificaión o esquema | |
| Koha [por defecto] tipo de item | Artículos de revista |
| Suprimido | Perdido | Fuente de clasificación o esquema | Estropeado | No para préstamo | Localización permanente | Localización actual | Fecha adquisición | Préstamos totales | Fecha última consulta | Fecha del precio de reemplazo | Tipo de item de Koha |
|---|---|---|---|---|---|---|---|---|---|---|---|
| San Esteban | San Esteban | 04/07/2024 | 04/07/2024 | 04/07/2024 | Artículos de revista |
